| 000 | 00906nam a2200205Ia 4500 | ||
|---|---|---|---|
| 999 |
_c37613 _d37613 |
||
| 001 | 3585 | ||
| 003 | GE_BSU | ||
| 005 | 20190627145238.0 | ||
| 008 | 181216s2011 ge |||||||||||||| ||geo|| | ||
| 040 | _cGE_BSU | ||
| 041 | _ageo | ||
| 080 | _a659.1(479.22) ს–32 | ||
| 245 |
_aსაქართველოს სარეკლამო ბაზარი / _c"საერთაშორისო გამჭვირვალობა - საქართველო". |
||
| 264 |
_aთბილისი, _c2011. |
||
| 300 |
_a45 გვ. : _bილ. ; _c29 სმ. |
||
| 653 | _aრეკლამა საქართველოში | ||
| 653 | _aსარეკლამო ბიზნესი საქართველოში | ||
| 710 |
_a "საერთაშორისო გამჭვირვალობა - საქართველო" _92988 |
||
| 942 |
_cBK _2udc |
||